Kepimpinan : Sorotan pelbagai aspek bagi meningkatkan kualiti dan pencapaian

Bibliographic Details
Main Author: Wan Mohd. Mahyiddin 1942-
Format: Book
Published: Shah Alam : Fajar Bakti , 1996
Subjects:

MARC

LEADER 00000cam a2200000 7i4500
001 0000000183
005 20000713.0
020 0 0 |a 9676535605 
090 0 0 |a 324.22   |b WAN 1996 
100 0 0 |a Wan Mohd. Mahyiddin   |c 1942- 
245 1 0 |a Kepimpinan :   |b Sorotan pelbagai aspek bagi meningkatkan kualiti dan pencapaian   |c Wan Mohd. Mahyiddin 
260 0 0 |a Shah Alam :   |b Fajar Bakti ,   |c 1996 
300 |a xxii, 305 p. ;   |c 23 cm. 
500 0 0 |a Bibliography: [p.298-301] and index 
650 0 0 |a Leadership 
650 0 0 |a Political leadership 
999 |a 0000001356   |b Monograph   |c Open Shelf   |e Default branch